Một thời đại trong thi ca (Về phong trào thơ mới 1932 - 1945)

Đã lưu trong:
Sonraí Bibleagrafaíochta
Príomhúdar: Hà Minh Đức
Formáid: Leabhar
Teanga:Undetermined
Foilsithe: ĐHQG 2002
Ábhair:
Clibeanna: Cuir Clib Leis
Gan Chlibeanna, Bí ar an gcéad duine leis an taifead seo a chlibeáil!
Thư viện lưu trữ: Trung tâm Học liệu Trường Đại học Cần Thơ
LEADER 00541nam a2200181Ia 4500
001 CTU_53669
008 210402s9999 xx 000 0 und d
020 |b 28000 
082 |a 895.922109 
082 |b Đ552 
100 |a Hà Minh Đức 
245 0 |a Một thời đại trong thi ca (Về phong trào thơ mới 1932 - 1945) 
245 0 |c Hà Minh Đức 
260 |b ĐHQG 
260 |c 2002 
650 |a vietnamese poetry 
650 |x history and criticism 
980 |a Trung tâm Học liệu Trường Đại học Cần Thơ